Statistics for Guess the country shape

Click here to take the quiz!

General Stats

  • This quiz has been taken 21 times
  • The average score is 11 of 16

Answer Stats

Answer% Correct
australia
100%
croatia
90%
france
90%
greece
90%
iran
90%
bangladesh
81%
ireland
81%
azerbaijan
67%
nicaragua
62%
armenia
57%
estonia
57%
trinidad
57%
el salvador
43%
malta
43%
comoros
29%
rwanda
24%

Score Distribution

Percentile by Number Answered

Percent of People with Each Score

Your Score History

You have not taken this quiz